| 000 | 00422nam a2200121Ia 4500 | ||
|---|---|---|---|
| 008 | 160712s9999 xx 000 0 und d | ||
| 100 | _aMesina, Allan Joseph F. | ||
| 245 |
_cAllan Joseph F. Mesina _aPagsisiyasat sa Elektripikasyon sa Kanayunan |
||
| 260 |
_c2015 _bDaluyan: Journal ng Wikang Filipino |
||
| 300 | _a no. 2 | ||
| 650 | _xFILIPINO | ||
| 856 | _uhttp://journals.upd.edu.ph/index.php/djwf/issue/view/473/showToc | ||
| 999 |
_c297016 _d297016 |
||